[Event "Wch Seniors 23rd 2013"]
[Site "Rijeka"]
[Date "2013.11.16"]
[Round "5.58"]
[White "Jackson, Oliver A"]
[Black "Masich, Vladimir"]
[Result "1-0"]
[WhiteElo "2154"]
[BlackElo "1931"]
[PlyCount "79"]
[EventDate "2013.11.12"]

1. e4 c5 2. Nc3 Nc6 3. f4 e6 4. Nf3 g6 5. Bb5 Nd4 6. O-O a6 7. Bd3 Bg7 8. e5 d5
9. exd6 Qxd6 10. Ne4 Qb6 11. Ne5 Nf5 12. Kh1 h5 13. b3 Qc7 14. a4 Nf6 15. Ng5
O-O 16. Bb2 Ng4 17. Qe1 Nxe5 18. Bxe5 Bxe5 19. fxe5 Bd7 20. g4 Ng7 21. h3 Bc6+
22. Kg1 Qd8 23. Ne4 Qd4+ 24. Qe3 Qxe3+ 25. dxe3 Bxe4 26. Bxe4 hxg4 27. hxg4
Rab8 28. a5 Rfc8 29. Rad1 Rc7 30. Bd3 Kf8 31. Bxg6 b6 32. axb6 Rxb6 33. Bd3 Ke7
34. Ra1 Ra7 35. Ra5 Ne8 36. Rxc5 Nc7 37. Ra1 Nd5 38. Kf2 f6 39. exf6+ Kxf6 40.
Kf3 1-0

[Event "Wch Seniors 23rd 2013"]
[Site "Rijeka"]
[Date "2013.11.16"]
[Round "5.59"]
[White "Weisenburger, Horst"]
[Black "Acosta, Mariano"]
[Result "0-1"]
[WhiteElo "2141"]
[BlackElo "1978"]
[PlyCount "63"]
[EventDate "2013.11.12"]

1. e4 e5 2. Nf3 Nc6 3. d4 exd4 4. c3 dxc3 5. Nxc3 Bb4 6. Bc4 Bxc3+ 7. bxc3 d6
8. Qb3 Qe7 9. O-O Nf6 10. e5 Nxe5 11. Nxe5 dxe5 12. Re1 O-O 13. Bf4 Nd7 14.
Rad1 Qf6 15. Bg3 c6 16. a4 h6 17. Qa3 Re8 18. Rd6 Qe7 19. Ba2 Kh8 20. Bb1 c5
21. Rd5 f6 22. Bg6 Rd8 23. Red1 Rg8 24. Qc1 Nf8 25. Be4 Be6 26. Rd6 Re8 27.
R1d3 b6 28. Qd1 c4 29. Rf3 Bg4 30. Rfxf6 Bxd1 31. Rxh6+ gxh6 32. Rxh6+ 0-1

[Event "Wch Seniors 23rd 2013"]
[Site "Rijeka"]
[Date "2013.11.16"]
[Round "5.60"]
[White "Bornand, Herbert"]
[Black "Ashby, Anthony C"]
[Result "0-1"]
[WhiteElo "1966"]
[BlackElo "2121"]
[PlyCount "54"]
[EventDate "2013.11.12"]

1. d4 e6 2. e4 d5 3. Nc3 Bb4 4. e5 c5 5. Bd2 Ne7 6. Nb5 Bxd2+ 7. Qxd2 O-O 8. f4
cxd4 9. Nf3 Nbc6 10. O-O-O a6 11. Nbxd4 Bd7 12. g4 Qc7 13. Bd3 Nxd4 14. Nxd4
Nc6 15. Nxc6 bxc6 16. g5 c5 17. c3 Ba4 18. Rdg1 Rfd8 19. Rg3 c4 20. Bb1 d4 21.
cxd4 Qb6 22. Rhg1 Rxd4 23. Bxh7+ Kf8 24. Qc3 Rad8 25. Bc2 Bxc2 26. Kxc2 Rd3 27.
Qe1 Rd2+ 0-1

[Event "Wch Seniors 23rd 2013"]
[Site "Rijeka"]
[Date "2013.11.16"]
[Round "5.61"]
[White "Vrhovnik, Damir"]
[Black "Barkman, Rolf"]
[Result "1-0"]
[WhiteElo "2108"]
[BlackElo "1867"]
[PlyCount "64"]
[EventDate "2013.11.12"]

1. Nf3 f5 2. d4 d5 3. e3 Nf6 4. Bd3 c5 5. dxc5 Nc6 6. O-O e5 7. Bb5 Qc7 8. b4
Be6 9. Bb2 Nd7 10. Nc3 Nf6 11. Ne2 Nd7 12. Rb1 Be7 13. Ba4 O-O 14. a3 a6 15.
Bb3 Rad8 16. Bxd5 Nxc5 17. c4 Bxd5 18. cxd5 Ne4 19. Qb3 Bd6 20. dxc6+ Kh8 21.
cxb7 Qxb7 22. Nc3 Nf6 23. Ng5 Rde8 24. Rbd1 Bb8 25. Nd5 h6 26. Nxf6 Rxf6 27.
Nh3 Rg6 28. Qd5 Qe7 29. Qd7 Qf8 30. f4 Kh7 31. fxe5 Bxe5 32. Rxf5 Bf6 1-0

[Event "Wch Seniors 23rd 2013"]
[Site "Rijeka"]
[Date "2013.11.16"]
[Round "5.62"]
[White "Kayaman, Metin"]
[Black "Gromark, Per-Olof"]
[Result "0-1"]
[WhiteElo "1865"]
[BlackElo "2102"]
[PlyCount "142"]
[EventDate "2013.11.12"]

1. d4 Nf6 2. c4 g6 3. Nc3 d5 4. cxd5 Nxd5 5. Nf3 Bg7 6. g3 Nb6 7. Bg2 Nc6 8. e3
O-O 9. O-O Re8 10. b3 e5 11. dxe5 Nxe5 12. Nxe5 Bxe5 13. Bb2 c6 14. Qxd8 Rxd8
15. Rfd1 Bg4 16. f3 Be6 17. Rxd8+ Rxd8 18. Rd1 Re8 19. Kf2 f5 20. Bf1 Bf7 21.
f4 Bg7 22. Bg2 a5 23. Rd2 Bf8 24. Ne2 a4 25. Bd4 c5 26. Be5 axb3 27. axb3 Bxb3
28. Rb2 c4 29. Bxb7 Bg7 30. Bxg7 Kxg7 31. Bc6 Rc8 32. Nd4 Na4 33. Bxa4 Bxa4 34.
Rb4 Be8 35. Ke2 Bf7 36. Kd2 Bd5 37. Kc3 Ra8 38. Nc2 Kf7 39. Kb2 Ke7 40. Kc3 Kd7
41. Rb2 Kd6 42. Rb6+ Kc5 43. Rb2 Be4 44. Rb4 Bxc2 45. Rxc4+ Kb5 46. Rc7 Be4 47.
Rxh7 Kc5 48. Rc7+ Bc6 49. Rg7 Ra3+ 50. Kd2 Ra2+ 51. Kc3 Rxh2 52. Rxg6 Rg2 53.
Re6 Be4 54. Rg6 Kd5 55. Rg5 Bb1 56. Rg7 Ke4 57. Rh7 Ra2 58. Kb3 Re2 59. Rg7 Kf3
60. Kc4 Rxe3 61. Kd4 Re4+ 62. Kd5 Ba2+ 63. Kd6 Re6+ 64. Kd7 Rh6 65. Rg5 Bb1 66.
Ke7 Rh3 67. g4 fxg4 68. f5 Kf4 69. Kf6 Rh6+ 70. Rg6 Rxg6+ 71. fxg6 Bxg6 0-1

[Event "Wch Seniors 23rd 2013"]
[Site "Rijeka"]
[Date "2013.11.16"]
[Round "5.63"]
[White "Hedin, Gunnar"]
[Black "Urbanc, Vinko"]
[Result "1/2-1/2"]
[WhiteElo "2100"]
[BlackElo "1842"]
[PlyCount "38"]
[EventDate "2013.11.12"]

1. d4 Nf6 2. c4 g6 3. Nc3 d5 4. e3 Bg7 5. Qb3 dxc4 6. Bxc4 O-O 7. Nf3 Nc6 8.
Bb5 Be6 9. Qa3 Nb8 10. O-O c6 11. Be2 Qd6 12. b4 Nd5 13. Nxd5 Bxd5 14. Bb2 Nd7
15. Rfd1 Rfe8 16. h3 Nb6 17. Rac1 Qe6 18. Ng5 Qf6 19. Nf3 Qe6 1/2-1/2

[Event "Wch Seniors 23rd 2013"]
[Site "Rijeka"]
[Date "2013.11.16"]
[Round "5.64"]
[White "Markovic, Lazar"]
[Black "Norman, Dinah M"]
[Result "1/2-1/2"]
[WhiteElo "2172"]
[BlackElo "1800"]
[PlyCount "40"]
[EventDate "2013.11.12"]

1. e4 c6 2. d4 d5 3. e5 Bf5 4. h4 h5 5. Be2 g6 6. c3 Bxb1 7. Rxb1 e6 8. Nf3 Be7
9. Ng5 Nd7 10. Bd3 Nf8 11. Qc2 Nh6 12. O-O Nf5 13. g3 Qd7 14. a4 Nh7 15. Nxh7
Rxh7 16. Kg2 Kf8 17. Bd2 Kg7 18. Rfe1 Rhh8 19. b4 a6 20. a5 Rae8 1/2-1/2

[Event "Wch Seniors 23rd 2013"]
[Site "Rijeka"]
[Date "2013.11.16"]
[Round "5.65"]
[White "Skok, Joze"]
[Black "Schouten, Nico"]
[Result "1/2-1/2"]
[WhiteElo "2003"]
[BlackElo "2201"]
[PlyCount "57"]
[EventDate "2013.11.12"]

1. e4 e5 2. Nf3 Nc6 3. Bb5 a6 4. Ba4 Nf6 5. d4 exd4 6. O-O Be7 7. e5 Ne4 8.
Nxd4 Nxd4 9. Qxd4 Nc5 10. Nc3 Nxa4 11. Nxa4 O-O 12. Bf4 d5 13. exd6 Bxd6 14.
Rad1 Bf5 15. Bxd6 Qxd6 16. Qxd6 cxd6 17. Rxd6 Bxc2 18. Nc5 Rfc8 19. b4 a5 20.
a3 axb4 21. axb4 b5 22. h3 Rd8 23. Rb6 Rab8 24. Rxb8 Rxb8 25. Re1 Ba4 26. Nxa4
bxa4 27. b5 g6 28. Ra1 Rxb5 29. Rxa4 1/2-1/2

[Event "Wch Seniors 23rd 2013"]
[Site "Rijeka"]
[Date "2013.11.16"]
[Round "5.67"]
[White "Falk, Thomas"]
[Black "Andreas, Guenter"]
[Result "1-0"]
[WhiteElo "2131"]
[BlackElo "1990"]
[PlyCount "141"]
[EventDate "2013.11.12"]

1. Nf3 f5 2. d4 Nf6 3. c4 e6 4. g3 Bb4+ 5. Bd2 Bxd2+ 6. Nbxd2 d5 7. Bg2 c6 8.
O-O Ne4 9. e3 Nxd2 10. Qxd2 O-O 11. b3 Nd7 12. Rad1 Nf6 13. Ne5 Nd7 14. Nxd7
Bxd7 15. f3 Be8 16. e4 Bf7 17. exd5 exd5 18. c5 Re8 19. Rde1 Qc7 20. f4 Re4 21.
Bxe4 dxe4 22. g4 g6 23. gxf5 gxf5 24. Kf2 Rd8 25. Rg1+ Kf8 26. Ke3 Qe7 27. Qg2
Qf6 28. Rd1 h6 29. Qg3 Rd7 30. Qe1 Bh5 31. Rd2 Bf7 32. Rg3 b6 33. Qc1 b5 34.
Qe1 Rd8 35. Rh3 Ke7 36. Qh4 Rh8 37. b4 Qxh4 38. Rxh4 h5 39. Rg2 Kf6 40. a3 a5
41. bxa5 Ra8 42. Rc2 Rxa5 43. Rc3 Ke6 44. Rh3 Kd5 45. Rg3 Ke6 46. Rg7 Ra4 47.
Rh7 Kf6 48. Rh8 Ra7 49. Rd8 Bd5 50. Rd6+ Kg7 51. Kf2 Ra4 52. Rg3+ Kf7 53. Rg5
e3+ 54. Kxe3 Rxa3+ 55. Kd2 Be4 56. Rxh5 Rd3+ 57. Kc1 Kg7 58. Rg5+ Kf7 59. Rg3
Rxg3 60. hxg3 Ke7 61. Rh6 Kd7 62. Kd2 Bb1 63. Rd6+ Kc7 64. Rg6 Kd7 65. Kc3 Be4
66. Rg7+ Ke6 67. Rg6+ Ke7 68. g4 fxg4 69. Rxg4 Ke6 70. Rg5 Bd5 71. Re5+ 1-0

[Event "Wch Seniors 23rd 2013"]
[Site "Rijeka"]
[Date "2013.11.16"]
[Round "5.68"]
[White "Kiselev, Alexander"]
[Black "Green, Per"]
[Result "1-0"]
[WhiteElo "2113"]
[BlackElo "1990"]
[PlyCount "56"]
[EventDate "2013.11.12"]

1. e4 e6 2. d4 d5 3. e5 c5 4. c3 Nc6 5. Nf3 Bd7 6. Be2 f6 7. O-O fxe5 8. dxe5
Qc7 9. Re1 O-O-O 10. Bd3 Be7 11. Bf4 Rf8 12. Qd2 Be8 13. Na3 a6 14. Rac1 h6 15.
Bg3 g5 16. h3 Bh5 17. Nh2 Bd8 18. Nc2 Nge7 19. b4 d4 20. Ng4 Bxg4 21. hxg4 h5
22. Be2 h4 23. Bh2 Nd5 24. Bd3 Nf4 25. Bxf4 Rxf4 26. Qe2 Rhf8 27. f3 h3 28.
cxd4 cxd4 {Dirty manuscript!} 1-0

[Event "Wch Seniors 23rd 2013"]
[Site "Rijeka"]
[Date "2013.11.16"]
[Round "5.70"]
[White "Hutchinson, Norman A"]
[Black "Gonzalez Pabollet, Jesus Maria"]
[Result "0-1"]
[WhiteElo "2106"]
[BlackElo "1970"]
[PlyCount "60"]
[EventDate "2013.11.12"]

1. e4 c5 2. c3 d5 3. exd5 Qxd5 4. Nf3 Bg4 5. Qa4+ Bd7 6. Qf4 Nf6 7. Bc4 Qe4+ 8.
Qxe4 Nxe4 9. Ne5 Nd6 10. Nxd7 Nxd7 11. Be2 g6 12. d3 Bg7 13. O-O O-O 14. Re1
Rfe8 15. Na3 Rab8 16. Nc2 Ne5 17. Rb1 Rbd8 18. Rd1 Nc6 19. Be3 b6 20. a4 Nf5
21. Bd2 Nd6 22. g3 Ne5 23. f4 Nd7 24. Bf3 e5 25. Bc6 Re7 26. Re1 Rf8 27. Re2
Nb8 28. Bg2 Nf5 29. Ne1 Rfe8 30. Nf3 e4 {Dirty manuscript!} 0-1

[Event "Wch Seniors 23rd 2013"]
[Site "Rijeka"]
[Date "2013.11.16"]
[Round "5.71"]
[White "Hocevar, Nikola"]
[Black "Meizlin, Yaacov"]
[Result "1/2-1/2"]
[WhiteElo "1996"]
[BlackElo "2102"]
[PlyCount "72"]
[EventDate "2013.11.12"]

1. d4 Nf6 2. Nf3 e6 3. Nbd2 c5 4. e3 b6 5. c3 Bb7 6. Bd3 Be7 7. O-O O-O 8. Qe2
d6 9. b3 Nbd7 10. Bb2 e5 11. dxe5 dxe5 12. e4 Nh5 13. g3 Qc7 14. Ne1 g6 15. Ng2
Bg5 16. Nf3 Bh6 17. Nfe1 Ndf6 18. Nc2 a5 19. a4 Qd7 20. f3 Qh3 21. Qf2 Rad8 22.
Rad1 Rd6 23. Be2 Rfd8 24. Rxd6 Rxd6 25. Rd1 Qd7 26. Rxd6 Qxd6 27. Nce3 Ng7 28.
Bc4 Ne6 29. Qe2 Ng5 30. Kf2 Qd7 31. Qd1 Qh3 32. Kg1 Kg7 33. Bf1 Qe6 34. Bc4 Qh3
35. Bf1 Qe6 36. Bc4 Qh3 1/2-1/2

[Event "Wch Seniors 23rd 2013"]
[Site "Rijeka"]
[Date "2013.11.16"]
[Round "5.73"]
[White "Gamboa, Anibal"]
[Black "Marks, Ian A"]
[Result "1/2-1/2"]
[WhiteElo "2096"]
[BlackElo "1948"]
[PlyCount "115"]
[EventDate "2013.11.12"]

1. b3 e5 2. Bb2 Nc6 3. e3 d5 4. Bb5 Bd6 5. f4 Qh4+ 6. g3 Qe7 7. Nf3 Bg4 8. h3
Bxf3 9. Qxf3 Nf6 10. Nc3 O-O 11. Bxc6 bxc6 12. O-O Rae8 13. Rae1 exf4 14. gxf4
Ba3 15. Ba1 d4 16. Nd1 dxe3 17. Nxe3 Nd5 18. Bxg7 Nxe3 19. dxe3 Kxg7 20. Kh2
Qe4 21. Rg1+ Kh8 22. Qg4 Rg8 23. Qh4 Bb2 24. Rxg8+ Rxg8 25. Qf2 Bc3 26. Rd1 Bf6
27. Rg1 Rxg1 28. Kxg1 Bc3 29. a4 a5 30. Kh2 Qd5 31. Kg3 Qd1 32. Kh2 Qd2 33. Kg2
f5 34. Qxd2 Bxd2 35. Kf3 Kg7 36. Ke2 Bc1 37. b4 axb4 38. Kd3 b3 39. cxb3 Ba3
40. Kc4 Bc1 41. Kd4 Bb2+ 42. Kc4 Bc1 43. Kd4 Bd2 44. Kd3 Ba5 45. e4 fxe4+ 46.
Kxe4 Kf6 47. Kd4 Kf5 48. Kc5 Kxf4 49. b4 Bb6+ 50. Kxc6 Kg3 51. a5 Be3 52. Kxc7
Kxh3 53. b5 h5 54. b6 h4 55. b7 Kg3 56. b8=Q Bf4+ 57. Kc8 Bxb8 58. Kxb8 1/2-1/2

[Event "Wch Seniors 23rd 2013"]
[Site "Rijeka"]
[Date "2013.11.16"]
[Round "5.74"]
[White "Waisberg, Arnold"]
[Black "Stull, Norbert"]
[Result "0-1"]
[WhiteElo "1971"]
[BlackElo "2075"]
[PlyCount "78"]
[EventDate "2013.11.12"]

1. e4 c5 2. d4 cxd4 3. Nf3 d6 4. Nxd4 Nf6 5. Nc3 a6 6. a4 Nc6 7. Bc4 e6 8. O-O
Be7 9. Kh1 O-O 10. Bg5 Nxe4 11. Nxc6 bxc6 12. Bxe7 Qxe7 13. Nxe4 d5 14. Bd3
dxe4 15. Bxe4 Bb7 16. Qe2 c5 17. h3 Rab8 18. b3 Rfc8 19. Bxb7 Qxb7 20. Qc4 a5
21. Rfe1 Qb4 22. Re4 Qxc4 23. Rxc4 Kf8 24. Rd1 Ke7 25. Kg1 Rb4 26. Rc3 Rc6 27.
Kf1 Rd6 28. Rdd3 Rxd3 29. cxd3 Kd6 30. Ke2 Kd5 31. Ke3 e5 32. f3 f5 33. g4 g6
34. gxf5 gxf5 35. Rc4 f4+ 36. Kd2 Rxb3 37. Rc1 Rb2+ 38. Kc3 Rf2 39. Rb1 Rxf3
0-1

[Event "Wch Seniors 23rd 2013"]
[Site "Rijeka"]
[Date "2013.11.16"]
[Round "5.75"]
[White "Choong, Liong-On Mark"]
[Black "Zhukov, Viktor I"]
[Result "0-1"]
[WhiteElo "1924"]
[BlackElo "2069"]
[PlyCount "84"]
[EventDate "2013.11.12"]

1. b3 Nf6 2. Bb2 e6 3. f4 c5 4. Nf3 Be7 5. e3 O-O 6. c4 b6 7. d3 Bb7 8. e4 d5
9. e5 Ne8 10. Qe2 Nc7 11. Nbd2 Nd7 12. g3 f6 13. Bh3 f5 14. Rg1 Kh8 15. O-O-O
b5 16. g4 g6 17. Bf1 Qe8 18. h4 fxg4 19. Rxg4 h5 20. Rg1 Rxf4 21. Ng5 Bxg5 22.
Rxg5 Qf7 23. Qg2 Rg8 24. Qg3 Nf8 25. Be2 Nh7 26. Rg1 Nxg5 27. Qxg5 Kh7 28. Qg3
d4 29. Kd1 Qf5 30. Bc1 Qxe5 31. Nf3 Bxf3 32. Bxf3 Rf5 33. Qg2 bxc4 34. bxc4 Qf6
35. Be4 Qxh4 36. Qd2 Kg7 37. Bxf5 exf5 38. Qa5 Qe7 39. Re1 Qd6 40. Qxa7 Ra8 41.
Qb7 Rxa2 42. Re8 Qh2 0-1

[Event "Wch Seniors 23rd 2013"]
[Site "Rijeka"]
[Date "2013.11.16"]
[Round "5.76"]
[White "Andersson, Kaj"]
[Black "Lovejoy, David"]
[Result "0-1"]
[WhiteElo "2062"]
[BlackElo "1943"]
[PlyCount "94"]
[EventDate "2013.11.12"]

1. e4 e5 2. Nf3 Nc6 3. Bb5 a6 4. Ba4 Nf6 5. d3 b5 6. Bb3 Bc5 7. c3 d6 8. O-O
Bg4 9. Re1 h6 10. Nbd2 O-O 11. Nf1 Ba7 12. Be3 Na5 13. Bc2 c5 14. Ng3 Nc6 15.
h3 Bd7 16. Qd2 Nh7 17. Bb3 Kh8 18. Nh5 f5 19. exf5 Rxf5 20. Ng3 Rf8 21. Ne4 Bf5
22. a4 b4 23. Bd5 bxc3 24. bxc3 Rc8 25. Reb1 Ne7 26. Bb7 Rc7 27. Bxa6 d5 28.
Ng3 d4 29. cxd4 cxd4 30. Nxe5 dxe3 31. fxe3 Qd6 32. Rb5 Qxa6 33. d4 Ng5 34. Qb4
Ne4 35. Nh5 Qd6 36. Qb2 Nd5 37. Rxd5 Qxd5 38. Nf4 Qd6 39. Rf1 Bh7 40. Nfg6+
Bxg6 41. Rxf8+ Kh7 42. Rf4 Nc3 43. a5 Nd5 44. Rf3 Nxe3 45. Nxg6 Qxg6 46. g4 Nc2
47. Rf4 Nxd4 0-1

[Event "Wch Seniors 23rd 2013"]
[Site "Rijeka"]
[Date "2013.11.16"]
[Round "5.77"]
[White "Sevenyuk, Alexey"]
[Black "Pfitzer, Norbert"]
[Result "0-1"]
[WhiteElo "1886"]
[BlackElo "2047"]
[PlyCount "126"]
[EventDate "2013.11.12"]

1. e4 d6 2. d4 Nf6 3. Nc3 g6 4. f3 c6 5. Bd3 b5 6. Be3 Qa5 7. Nge2 Nbd7 8. Nc1
Bb7 9. Qd2 Bg7 10. O-O O-O 11. Bh6 b4 12. Nd1 Qb6 13. Bxg7 Kxg7 14. c3 a5 15.
Kh1 Rac8 16. Ne3 c5 17. d5 h5 18. h4 Ne5 19. Nc4 Nxc4 20. Bxc4 Rcd8 21. b3 e6
22. Ne2 e5 23. Ng3 Nh7 24. f4 Rde8 25. Ne2 Qd8 26. g3 Nf6 27. Bd3 Qd7 28. f5
Nh7 29. c4 Bc8 30. Ng1 Qe7 31. fxg6 fxg6 32. Rxf8 Rxf8 33. Rf1 Bg4 34. Be2 Rxf1
35. Bxf1 g5 36. Qf2 gxh4 37. gxh4 Qf8 38. Qxf8+ Nxf8 39. Kg2 Ng6 40. Kg3 Bd1
41. Bd3 Nf4 42. Bb1 Kf6 43. Kf2 Ke7 44. Ke1 Bg4 45. Kf2 Ng6 46. Kg3 Bd1 47. Nh3
a4 48. bxa4 Bxa4 49. Nf2 Kd7 50. Kh3 Nf4+ 51. Kh2 Ne2 52. Nd3 Nc3 53. Nb2 Nxb1
54. Nxa4 Nc3 55. Nb2 Nxe4 56. Nd3 Nc3 57. Nc1 Ke7 58. Kg3 Kf6 59. Kf3 Kf5 60.
Ke3 Kg4 61. Nd3 Kf5 62. Nc1 e4 63. Kd2 Ke5 0-1

[Event "Wch Seniors 23rd 2013"]
[Site "Rijeka"]
[Date "2013.11.16"]
[Round "5.78"]
[White "Korenevski, Oleg"]
[Black "Benson, Lachlan"]
[Result "1-0"]
[WhiteElo "1880"]
[BlackElo "2039"]
[PlyCount "71"]
[EventDate "2013.11.12"]

1. d4 Nf6 2. Nf3 d5 3. e3 e6 4. Bd3 Nbd7 5. O-O c5 6. b3 Be7 7. Bb2 O-O 8. Nbd2
cxd4 9. exd4 b6 10. Re1 Bb7 11. Ne5 Re8 12. f4 g6 13. g4 Bf8 14. Qf3 Bg7 15.
Ba3 Qc7 16. Re3 Qc3 17. Rd1 Qxd4 18. Bxg6 Nxe5 19. Bxf7+ Kxf7 20. fxe5 Qxg4+
21. Kf2 Qh4+ 22. Kg1 Bh6 23. Re2 Qg4+ 24. Qxg4 Nxg4 25. Rf1+ Kg8 26. Rg2 Be3+
27. Kh1 d4 28. Nf3 h5 29. h3 Rac8 30. hxg4 hxg4 31. Rxg4+ Kh7 32. Kg2 Rxc2+ 33.
Kg3 Rxa2 34. Rh1+ Bh6 35. Bc1 Rg2+ 36. Kxg2 1-0

[Event "Wch Seniors 23rd 2013"]
[Site "Rijeka"]
[Date "2013.11.16"]
[Round "5.79"]
[White "Strohbusch, Frank"]
[Black "Spika, Ivica"]
[Result "0-1"]
[WhiteElo "1855"]
[BlackElo "2018"]
[PlyCount "56"]
[EventDate "2013.11.12"]

1. e4 c5 2. Nc3 Nc6 3. g3 g6 4. Bg2 Bg7 5. d3 d6 6. f4 e6 7. Nf3 Nge7 8. O-O
O-O 9. Be3 b6 10. e5 Ba6 11. Re1 dxe5 12. Nxe5 Qc7 13. Rb1 Rad8 14. Nxc6 Nxc6
15. a4 Bb7 16. Nb5 Qd7 17. Re2 a6 18. Nc3 Nd4 19. Rd2 Bxg2 20. Rxg2 Qc6 21. Rf2
Nf5 22. Bd2 Bd4 23. Qe2 Bxf2+ 24. Qxf2 Nd4 25. Ne4 f5 26. Nc3 Nf3+ 27. Kf1
Nxd2+ 28. Qxd2 Qh1+ 0-1

[Event "Wch Seniors 23rd 2013"]
[Site "Rijeka"]
[Date "2013.11.16"]
[Round "5.80"]
[White "Belistri, Ubaldo"]
[Black "Neumann, Horst"]
[Result "1-0"]
[WhiteElo "2016"]
[BlackElo "1929"]
[PlyCount "79"]
[EventDate "2013.11.12"]

1. d4 d5 2. c4 c6 3. Nf3 Nf6 4. e3 Bg4 5. Qb3 Qb6 6. Qxb6 axb6 7. Ne5 Bf5 8.
Nc3 e6 9. f3 h6 10. Bd2 Bd6 11. g4 Bh7 12. h3 Nbd7 13. f4 Ne4 14. Nxd7 Kxd7 15.
Nxe4 Bxe4 16. Rg1 Be7 17. Be2 Bh4+ 18. Kd1 Be7 19. Bc3 Ra7 20. Kd2 Rha8 21. Bd3
Bxd3 22. Kxd3 Rxa2 23. Rxa2 Rxa2 24. cxd5 exd5 25. e4 dxe4+ 26. Kxe4 Ra4 27.
Rd1 g6 28. Ke3 Bd6 29. Rf1 b5 30. f5 g5 31. d5 Bf4+ 32. Kd3 c5 33. Bg7 Kd6 34.
Bxh6 Kxd5 35. h4 f6 36. hxg5 fxg5 37. Bg7 b6 38. f6 Ra7 39. Re1 Be5 40. Rxe5+
1-0

[Event "Wch Seniors 23rd 2013"]
[Site "Rijeka"]
[Date "2013.11.16"]
[Round "5.81"]
[White "Chubar, Vladimir"]
[Black "Haupt, Joachim"]
[Result "1-0"]
[WhiteElo "2071"]
[BlackElo "1870"]
[PlyCount "41"]
[EventDate "2013.11.12"]

1. d4 Nf6 2. Nf3 g6 3. Bg5 Bg7 4. Nbd2 c5 5. Bxf6 Bxf6 6. Ne4 Bg7 7. Nxc5 d6 8.
Ne4 Bg4 9. e3 O-O 10. c3 Qb6 11. Rb1 Nd7 12. h3 Bxf3 13. Qxf3 e5 14. Bc4 exd4
15. exd4 Qc6 16. Nd2 Rae8+ 17. Kd1 Qb6 18. Re1 Nf6 19. Ne4 Nxe4 20. Rxe4 d5 21.
Bxd5 {Dirty manuscript!} 1-0

[Event "Wch Seniors 23rd 2013"]
[Site "Rijeka"]
[Date "2013.11.16"]
[Round "5.82"]
[White "King, Melvyn"]
[Black "Taksrud, Vidar"]
[Result "0-1"]
[WhiteElo "1890"]
[BlackElo "2063"]
[PlyCount "70"]
[EventDate "2013.11.12"]

1. e4 d5 2. Nf3 dxe4 3. Ng5 Nf6 4. Bc4 e6 5. Nc3 Be7 6. Ngxe4 Nc6 7. d3 a6 8.
a3 b5 9. Ba2 Bb7 10. Nxf6+ Bxf6 11. Ne4 Nd4 12. Nxf6+ Qxf6 13. O-O Nf3+ 14. Kh1
Qh4 15. h3 Nd2 16. f3 Nxf1 17. Qxf1 O-O 18. Be3 Bd5 19. Bc5 Rfe8 20. b3 e5 21.
Re1 Re6 22. c4 bxc4 23. dxc4 Bc6 24. Bf2 Qh5 25. Bg3 Qg5 26. Qf2 Rd8 27. Bh4
Rd2 28. Bxg5 Rxf2 29. Bb1 Rb2 30. b4 f6 31. Bh4 g5 32. Bg3 Rd6 33. Bf5 Rdd2 34.
Rg1 Rxg2 35. Be4 Bxe4 0-1

[Event "Wch Seniors 23rd 2013"]
[Site "Rijeka"]
[Date "2013.11.16"]
[Round "5.83"]
[White "Karabut, Vladimir"]
[Black "Lim, Kian Hwa"]
[Result "1/2-1/2"]
[WhiteElo "2044"]
[BlackElo "1883"]
[PlyCount "89"]
[EventDate "2013.11.12"]

1. f4 Nf6 2. Nf3 d6 3. d4 Nbd7 4. e3 g6 5. Be2 Bg7 6. O-O O-O 7. c3 c6 8. Qb3
Qc7 9. Bd3 e5 10. Ng5 exf4 11. exf4 Qb6 12. Bc4 Qxb3 13. Bxb3 h6 14. Nf3 Ne4
15. Nbd2 Ndf6 16. Nc4 b6 17. Bc2 Ba6 18. Re1 Nxc3 19. Nxd6 Ne2+ 20. Kh1 Rad8
21. Ne4 Nxd4 22. Nxd4 Rxd4 23. Nc3 Rfd8 24. h3 R4d7 25. Rb1 Bd3 26. Bxd3 Rxd3
27. Be3 Nh5 28. Nd1 Re8 29. Kh2 Bd4 30. Bf2 Rxe1 31. Bxe1 Nxf4 32. Nc3 Be5 33.
Kh1 Nh5 34. Rd1 Rxd1 35. Nxd1 Nf4 36. b3 Nd3 37. Bd2 h5 38. Kg1 Bd4+ 39. Kf1 f5
40. Ke2 Nc5 41. Bf4 a6 42. Bc7 Ne4 43. Bf4 Kf7 44. Kd3 Ke6 45. Kxd4 1/2-1/2

[Event "Wch Seniors 23rd 2013"]
[Site "Rijeka"]
[Date "2013.11.16"]
[Round "5.84"]
[White "Bohman, Leif"]
[Black "Doubleday, William G"]
[Result "1/2-1/2"]
[WhiteElo "1880"]
[BlackElo "2037"]
[PlyCount "74"]
[EventDate "2013.11.12"]

1. d4 d5 2. Nf3 Nf6 3. Bf4 e6 4. e3 Bd6 5. Bg5 Nbd7 6. Nbd2 Be7 7. Bd3 c5 8. c3
h6 9. Bh4 O-O 10. Qe2 b6 11. Ne5 Bb7 12. f4 c4 13. Bc2 b5 14. O-O Ne8 15. Bxe7
Qxe7 16. Qf3 Nd6 17. Qh3 a5 18. Rf3 Ne4 19. Nxe4 dxe4 20. Rf2 Bd5 21. g4 Nxe5
22. fxe5 f6 23. Qh4 Rf7 24. Raf1 Raf8 25. exf6 Rxf6 26. Rxf6 Rxf6 27. Rxf6 Qxf6
28. Qxf6 gxf6 29. Kg2 Kg7 30. a3 Kg6 31. Kg3 e5 32. dxe5 fxe5 33. Kh4 a4 34.
Bd1 Bc6 35. Be2 Bd7 36. Bf1 Be8 37. Bg2 Bc6 1/2-1/2

[Event "Wch Seniors 23rd 2013"]
[Site "Rijeka"]
[Date "2013.11.16"]
[Round "5.85"]
[White "Krstic, Slobodan"]
[Black "Kiss, Istvan"]
[Result "1-0"]
[WhiteElo "2027"]
[BlackElo "1880"]
[PlyCount "155"]
[EventDate "2013.11.12"]

1. e4 c6 2. d4 d5 3. e5 Bf5 4. c4 dxc4 5. Nc3 Bd3 6. Bxd3 cxd3 7. Qxd3 e6 8.
Be3 Nd7 9. Nf3 Ne7 10. O-O Nb6 11. Bg5 h6 12. Bxe7 Bxe7 13. Rad1 Nd5 14. Ne4
O-O 15. g3 Qa5 16. a3 Rfd8 17. h4 Qa4 18. Rc1 Rac8 19. Rc4 Qa6 20. Qc2 b5 21.
Rc5 Bxc5 22. dxc5 b4 23. Nd6 Rc7 24. Ra1 Rb8 25. Qb3 Qa5 26. Rc1 Ra8 27. Rc4
Rb8 28. Nd4 Rf8 29. a4 Rb8 30. Kg2 Kf8 31. Qf3 Kg8 32. b3 Qa6 33. h5 Rf8 34. g4
Re7 35. Qe4 f5 36. gxf5 exf5 37. N4xf5 Re6 38. Qg4 Rxf5 39. Qxf5 Re7 40. Kg3
Qa5 41. Qc8+ Kh7 42. Qxc6 Rxe5 43. Nf7 Rxh5 44. Rg4 Qc7+ 45. Qxc7 Nxc7 46. Rc4
Rd5 47. f3 Kg8 48. Nd6 a6 49. Ne4 a5 50. c6 Kf7 51. Nc5 Ke7 52. Nb7 Rg5+ 53.
Kf2 Re5 54. Rd4 Kf6 55. Rd7 Re7 56. Nxa5 Rxd7 57. cxd7 Ke7 58. Nc6+ Kxd7 59.
Nxb4 Kd6 60. Ke3 g5 61. Nd3 h5 62. Kd4 Ne6+ 63. Kc4 g4 64. fxg4 hxg4 65. b4 g3
66. Ne1 Nf4 67. b5 g2 68. Nf3 Ne2 69. a5 g1=Q 70. Nxg1 Nxg1 71. a6 Kc7 72. Kc5
Nf3 73. b6+ Kb8 74. Kd5 Nd2 75. Kc6 Nc4 76. a7+ Ka8 77. b7+ Kxa7 78. Kc7 1-0

[Event "Wch Seniors 23rd 2013"]
[Site "Rijeka"]
[Date "2013.11.16"]
[Round "5.88"]
[White "Zybura, Andre"]
[Black "Bauza Mercere, Eduardo"]
[Result "1-0"]
[WhiteElo "1990"]
[BlackElo "1811"]
[PlyCount "109"]
[EventDate "2013.11.12"]

1. e4 e6 2. d4 d5 3. e5 c5 4. c3 Qb6 5. Nf3 Bd7 6. a3 c4 7. Be2 Nc6 8. Nbd2 Na5
9. O-O Bc6 10. Rb1 Ne7 11. b4 cxb3 12. c4 dxc4 13. Nxc4 Nxc4 14. Bxc4 Nd5 15.
Rxb3 Qc7 16. Qd3 a6 17. Qb1 h6 18. Bd2 Be7 19. Rc1 Qd7 20. a4 O-O 21. a5 Rfd8
22. Bd3 Rac8 23. Qb2 Rc7 24. Rb1 Bf8 25. Be3 Rdc8 26. h3 Ne7 27. Nd2 Bd5 28.
Rb6 Bc6 29. Be4 Nd5 30. Bxd5 Qxd5 31. f3 Bb5 32. Qb3 Rc1+ 33. Kh2 Qxb3 34. Rxb3
R8c7 35. Ne4 Ra1 36. Nc3 Bc6 37. Ne4 Rxa5 38. Nc5 Rb5 39. Kg3 Be7 40. R6xb5
Bxb5 41. Kf2 Kf8 42. g4 Ke8 43. f4 Bh4+ 44. Kf3 Bc4 45. Rb4 Bd5+ 46. Ke2 Kd8
47. f5 Kc8 48. Kd3 Be7 49. Rb6 Bc6 50. fxe6 fxe6 51. Nxe6 Rd7 52. Kc3 Bh4 53.
Nc5 Be1+ 54. Kd3 Ba5 55. Nxd7 1-0

[Event "Wch Seniors 23rd 2013"]
[Site "Rijeka"]
[Date "2013.11.16"]
[Round "5.89"]
[White "Ramusch, Arnulf"]
[Black "Keze, Arnis"]
[Result "1-0"]
[WhiteElo "1979"]
[BlackElo "1735"]
[PlyCount "109"]
[EventDate "2013.11.12"]

1. d4 Nf6 2. Nf3 e6 3. e3 d5 4. Bd3 Be7 5. O-O O-O 6. Nbd2 c5 7. b3 Nc6 8. Bb2
a6 9. Ne5 cxd4 10. exd4 Qc7 11. a3 Bd6 12. Qe2 Nd7 13. Ndf3 b5 14. Nxc6 Qxc6
15. Ne5 Nxe5 16. dxe5 Bc5 17. Qh5 g6 18. Qh4 Bb7 19. Bd4 Bxd4 20. Qxd4 Rac8 21.
Rae1 Qc5 22. Qxc5 Rxc5 23. f4 Kg7 24. Rf2 h5 25. g3 Rh8 26. h3 d4 27. Rd2 Rhc8
28. Kf2 f6 29. exf6+ Kxf6 30. Rde2 Re8 31. Re5 Rxe5 32. Rxe5 Rb8 33. Rg5 Rg8
34. h4 Rg7 35. Ke1 Bf3 36. a4 bxa4 37. bxa4 Bd5 38. a5 Bb7 39. Kd2 Bf3 40. Kc1
Bg4 41. Rc5 Bf5 42. Bxa6 Rd7 43. Kd2 Be4 44. Bc4 Ke7 45. Bxe6 Rd6 46. Bc4 Ba8
47. Re5+ Kd7 48. Bd3 Bb7 49. Rg5 Bf3 50. Rxg6 Rd5 51. Rg5 Rd6 52. Be2 Bb7 53.
Rxh5 Rg6 54. Rg5 Re6 55. Bg4 1-0